00908nam a22001817a 450000500170000002000330001704000340005008200170008410000250010124501440012625000120027026000430028230000340032550400190035952002610037854600090063965000780064820260421075305.0 a9781841136615cTZS 36,532.24 aMCCLbeng.eAACR 2nd rev. ed. a342.044 GER  aGerangelos, Peter A. aThe separation of powers and Legislative Interference in Judicial Process :bConstitutional Principles and LimitationscPeter A. Gerangelos a1st ed. aNew Delhi ;bMohan Law House ,cc2009. axxi, 338 p. :bill. ;c23 cm. aIncludes Index aThis book examines the constitutional principles governing the relationship between legislatures and courts at that critical crossroads of their power where legislatures may seek to intervene in the judicial process, or to interfere with judicial function  aeng. aThe separation of powers and Legislative Interference in Judicial Process